000 00385nam a2200145Ia 4500
005 20251222144820.0
008 251222s9999||||xx |||||||||||||| ||spa||
020 _a9786124546907
082 _a726.709.853.2/B35
100 _aBedoya Forga, Eduardo
245 0 _aPuerta Abierta entre Dos Mundos
250 _a1ra. ed.
264 _bPromociones turĂ­sticas del Sur S.A.
942 _cLIB
999 _c20458
_d20458